Religion, science and empire (Record no. 152360)

MARC details
000 -LEADER
fixed length control field 00689nam a2200277Ia 4500
008 - FIXED-LENGTH DATA ELEMENTS--GENERAL INFORMATION
fixed length control field 210210b2013 xxu||||| |||| 00| 0 eng d
020 ## - INTERNATIONAL STANDARD BOOK NUMBER
International Standard Book Number 9780195393019
041 ## - LANGUAGE CODE
Language code of text/sound track or separate title eng
082 ## - DEWEY DECIMAL CLASSIFICATION NUMBER
Classification number 306.6 GOTR
100 ## - MAIN ENTRY--PERSONAL NAME
Personal name GOTTSCHALK (Peter)
245 ## - TITLE STATEMENT
Title Religion, science and empire
Remainder of title Classifying Hinduism and Islam in British India
260 ## - PUBLICATION, DISTRIBUTION, ETC.
Place of publication, distribution, etc. New York
Name of publisher, distributor, etc. Oxford University Press
Date of publication, distribution, etc. 2013
300 ## - PHYSICAL DESCRIPTION
Extent xx,421
650 ## - SUBJECT ADDED ENTRY--TOPICAL TERM
Topical term or geographic name entry element science
650 ## - SUBJECT ADDED ENTRY--TOPICAL TERM
Topical term or geographic name entry element Religion,
650 ## - SUBJECT ADDED ENTRY--TOPICAL TERM
Topical term or geographic name entry element Islam
650 ## - SUBJECT ADDED ENTRY--TOPICAL TERM
Topical term or geographic name entry element India
650 ## - SUBJECT ADDED ENTRY--TOPICAL TERM
Topical term or geographic name entry element in
650 ## - SUBJECT ADDED ENTRY--TOPICAL TERM
Topical term or geographic name entry element Hinduism
650 ## - SUBJECT ADDED ENTRY--TOPICAL TERM
Topical term or geographic name entry element empire
650 ## - SUBJECT ADDED ENTRY--TOPICAL TERM
Topical term or geographic name entry element Classifying
650 ## - SUBJECT ADDED ENTRY--TOPICAL TERM
Topical term or geographic name entry element British
650 ## - SUBJECT ADDED ENTRY--TOPICAL TERM
Topical term or geographic name entry element and
690 ## - LOCAL SUBJECT ADDED ENTRY--TOPICAL TERM (OCLC, RLIN)
Topical term or geographic name as entry element Sociology of Religion
906 ## - LOCAL DATA ELEMENT F, LDF (RLIN)
a 067689
Holdings
Withdrawn status Lost status Damaged status Not for loan Collection code Home library Current library Shelving location Date acquired Source of acquisition Cost, normal purchase price Total Checkouts Full call number Barcode Date last seen Price effective from Koha item type
          St Aloysius Library St Aloysius Library   02/17/2021 Intact Bookhouse Pvt. Ltd, Bangalore-560050 2495.00   306.6 GOTR 067689 02/17/2021 02/17/2021 Book